|
|
|
|
| LEADER |
00000nam a22000007a 4500 |
| 005 |
20201218112432.0 |
| 007 |
cr|||| |||| |
| 008 |
201218s2019 co |||||s|||| 00||0 spa d |
| 020 |
|
|
|a 978-958-781-361-6
|
| 035 |
|
|
|a 32381
|
| 040 |
|
|
|a vLex
|
| 090 |
|
|
|c 10989
|d 10989
|
| 100 |
1 |
|
|a Garca̕ Echeverra̕, Luis
|
| 245 |
1 |
2 |
|a La economa̕ colombiana y la economa̕ mundial 1950-2017
|h [Recurso electrn̤ico] /
|c Luis Garca̕ Echeverra̕
|
| 256 |
|
|
|a Servicio en ln̕ea
|
| 260 |
|
|
|a Bogot:̀
|b Pontificia Universidad Javeriana,
|c 2019
|
| 300 |
|
|
|a 1 recurso electrn̤ico
|
| 500 |
|
|
|a Con-textos es un libro de texto concebido para apoyar la labor docente y provocar reflexin̤, discusin̤, consenso, disenso y contribuir a la creacin̤ de espacios que fortalezcan la construccin̤ de comunidades acadm̌icas. Esta obra presenta algunos conceptos bs̀icos y fundamentos ter̤icos que nos permitirǹ tener un lenguaje comn︢ para interpretar y sustentar la responsabilidad social que como maestros tenemos de contribuir a la formacin̤ de buenos seres humanos, ciudadanos ejemplares y profesionales idn̤eos y competentes.
|
| 506 |
1 |
|
|a Disponible solo en los productos indicados
|d vLex Global
|d vLex Global (Academic Edition, excluding Law Schools)
|d vLex Global (U.S. Academic Edition, Law Schools)
|d vLex Global (U.S. Academic Edition, excluding Law Schools)
|d vLex Global (Academic Edition, Law Schools)
|
| 650 |
0 |
4 |
|a Economa̕ y negocios
|z Colombia
|
| 740 |
0 |
|
|a vLex Libros (Servicio en ln̕ea)
|
| 856 |
4 |
0 |
|u http://vlex.com/source/economia-colombiana-y-la-economia-mundial-1950-2017-32381
|z Acceso restringido
|
| 942 |
|
|
|c BOOK
|
| 999 |
0 |
|
|a Economy and business
|